| 000 | 01141nmm a2200361 a 4500 | ||
|---|---|---|---|
| 003 | AR-BaBNM | ||
| 005 | 20251128204530.0 | ||
| 008 | 175019s1994 ||||||||||||||000 | spa|| | ||
| 020 | _a950-20-0783-2 | ||
| 040 | _cAR-BaBNM | ||
| 245 | 1 | 0 |
_aManual para la investigación de la filiación _bactualización médico-legal : las nuevas pericias inmunogenéticas en filiación y criminalistica : sistema HLA. Polimorfismo molecular del ADN : aspectos de la presentación de la prueba en el juicio oral |
| 250 | _a2ª ed. act. | ||
| 260 |
_aBuenos Aires _bAbeledo-Perrot _c1994 |
||
| 300 | 0 | _a159 p. | |
| 500 | 0 | _aADN:ACIDO DESOxIRRIBONUCLEICO | |
| 650 | 4 | _aMEDICINA FORENSE | |
| 650 | 4 | _aDERECHO | |
| 650 | 4 | _aINVESTIGACION PENAL | |
| 650 | 4 | _aPRUEBAS Y TESTIMONIOS | |
| 650 | 4 | _aPROCEDIMIENTO PENAL | |
| 650 | 4 | _aINMUNOLOGIA | |
| 650 | 4 | _aGENETICA HUMANA | |
| 650 | 4 | _aHERENCIA | |
| 650 | 4 | _aCRIMINOLOGIA | |
| 650 | 4 | _aBIOQUIMICA | |
| 653 | 0 | _aFILIACION | |
| 700 | 1 | _aVerruno, Luis | |
| 700 | 1 | _aHaas, Emilio J.C. | |
| 700 | 1 | _aRaimondi, Eduardo H. | |
| 700 | 1 | _aLegaspe, Eduardo | |
| 942 | _cBK | ||
| 998 | _cCarmen | ||
| 999 |
_c7804 _d7804 |
||